| 000 | 01213cam a2200253 i 4500 | ||
|---|---|---|---|
| 003 | SA-RiAUC | ||
| 005 | 20240916064437.0 | ||
| 008 | 240915s1997 su g 000r0 ara c | ||
| 040 |
_aSA-RiAUC _bara _cSA-RiAUC _erda |
||
| 082 | 0 | 4 |
_a257.5 _bب ن ب |
| 100 | 1 |
_aالبنبي، محمد بن حسن بن إسماعيل، _dتوفي 856 هجري _eمؤلف. |
|
| 245 | 1 | 2 |
_aالديباج المذهب في أحكام المذهب / _cتأليف أبي عبد الله بدر الدين محمد بن حسن بن إسماعيل بن يعقوب البنبي ؛ دراسة وتحقيق محمد بن عوض بن حامد الثمالي. |
| 250 | _aالطبعة الأولى. | ||
| 264 | 1 |
_aمكة المكرمة : _bمكتبة نزار مصطفى الباز، _c1998 |
|
| 300 |
_a4 مجلد ؛ _c24 سم |
||
| 336 |
_aنص _btxt _2rdacontent _3كتاب |
||
| 337 |
_aبدون وسيط _bn _2rdamedia |
||
| 338 |
_aمجلد _bnc _2rdacarrier |
||
| 500 | _aالأصل أطروحة دكتوراه. | ||
| 650 | 7 |
_aالقضاء في الإسلام _2aucsh |
|
| 700 | 1 |
_aالثمالي، محمد بن عوض بن حامد، _d1377 هجري- _eمحقق. |
|
| 942 |
_2ddc _cBOOK |
||
| 949 |
_aSA-JeALM _d240915 _umohamedma123 _n1 |
||
| 999 |
_c316 _d316 |
||